000 00949nam a22002177a 4500
003 DO-SdBNP
005 20220713135938.0
007 ta
008 220713b2020 |||adoc| |||| 001 0 spa d
020 _a9789945612318
040 _aDO-SdBNP
_bspa
_cBNPHU
082 4 _a372.6
_222
_bO68i
110 1 _aOrganización de Estados Iberoamericanos para la Educación, la Ciencia y la Cultura (CEI)
_981996
245 1 0 _aInforme Ejecutivo del Plan Nacional de Alfabetización Quisqueya Aprende Contigo :
_banálisis de resultados /
_ccoordinadora Rita Monte de Ocas
260 _aSanto Domingo :
_bQuisqueya Aprende Contigo,
_bDirección General de Programas Especiales de la Presidencia (DIGEPEP)
_c2020.
300 _a24 p. :
_bil.; fots.; gráfcs;
_c28 cm
590 _aInventariado, 2022 / SA
650 4 _aAlfabetización
_vEducación
_xInforme
_zRepública Dominicana
_981997
700 1 _a Monte de Ocas, Rita
_ecoordinadora
_981998
942 _2ddc
_cLF2
999 _c52175
_d52175